000 01345nam a2200325 i 4500
003 EG-GICUC
005 20260121101532.0
008 251222s1981 ua ||||fr|||| 00| 0 ara d
017 _a804923
020 _a977305253
040 _a EG-GICUC
_bara
_c EG-GICUC
_d EG-GICUC
_erda
041 0 _aara
082 0 4 _221
_a345.45711
_bم ح . إ
092 0 4 _221
099 _aLaw1 07 345.45711 م ح . إ 1 ed - 1981
100 0 _aمحمد محمود ندا
_eمؤلف.
245 1 0 _aإنقضاء الدعوى التأديبية :
_bدراسة مقارنة /
_cمحمد محمود ندا.
250 _aالطبعة الاولى
264 1 _aالقاهرة :
_bدار الفكر الحديث العربي،
_c1981.
300 _a442 ؛ صفحة
_c24 سم.
_bإيضاحيات، صور، مثيليات ؛
336 _2rda content
_atext
337 _2rda media
_aComputer
338 _2rda carrier
_aOnline Resource
504 _aيحتوي على ارجاعات ببليوجرافية يحتوي على قائمة بالمراجع
546 _aالنص أغلبه باللغة العربية مع بعض النصوص الفرنسية
650 1 4 _aإنقضاء الدعوى التأديبية
_xالقانون الإداري
856 4 0 _uhttps://fll.law.cu.edu.eg/fulltext/bks/B07-01738.pdf
905 _a75
942 _2ddc
_cBK
_e21
_n0
999 _c52159
_d52159